000 00824nam a22002777a 4500
001 00720
003 DO-SdBPM
005 20250114123927.0
007 00720
008 160706b2011 ag || 00| 0 spa d
020 _a9789870409236
040 _aDO-SdBPM
_bspa
_cBPMSU
082 4 _a823.8
_bS847e 2011
_222
100 1 _aStevenson, Robert Louis
245 1 3 _aEl extraño caso del Dr. Jekyll y Mr. Hyde /
_cRobert Louis Stevensonn ; prólogo Marcelo Figueras
260 _aBuenos Aires :
_bAlfaguara,
_c2011
_g
300 _a141 p. ;
_c19 cm.
490 0 _aRoja
590 _aInventariado, 2025/VM
650 4 _aNovela juvenil inglesa
650 4 _aNovela de suspenso
650 4 _alocura
_vNovela juvenil
700 1 _aFigueras, Marcelo
_eprólogo
910 _aVMateo V. Control de calidad. BPMSU
942 _2ddc
_cBK
999 _c10710
_d10710